• 首页
  • 本馆介绍
  • 公告通知
  • 最新文献
  • 馆藏检索
  • 电子资源
  • 读者导购
  • 参考咨询
  • 我的图书馆
  • 登录
  • 详细信息显示
  • 放入我的书架
  • 预约/预借图书
  • 作者相关作品
  • 分类相关作品
  • 丛书相关作品
  • 出版社相关作品

书目信息

  • 表格格式
  • 工作单格式
  • 卡片格式
题名:
步进电动机及其应用
    
 
作者: 陈理璧 编著
分册:  
出版信息: 上海   上海科学技术出版社  1985
页数: 163页
开本: 26cm
丛书名:
单 册:
中图分类: TM32
科图分类:
主题词: 步进电动机
电子资源:
ISBN: 15119.2399
000 00652nam0 2200241 450
001 0185020407
005 20100712221412.0
010    @a15119.2399@dCNY1.70
091    @a15119.2399
100    @a19930928d1985 em y0chiy0110 ea
101 0  @achi
102    @aCN@b310000
105    @aa z 000yy
106    @ar
200 1  @a步进电动机及其应用@9Bu Jin Dian Dong Ji Ji Qi;Ji Ying Yong @f陈理璧编著
210    @a上海@c上海科学技术出版社@d1985
215    @a163页@c图表@d26cm
606 0  @a步进电动机
610 0  @a电动机
690    @aTM32@v3
701  0 @a陈理璧@9chen li bi@4编著
801  0 @aCN@bAzMarc@c20130904
905    @aBZT@dTM32@e38@f2@sTM32/38
    
    步进电动机及其应用/陈理璧编著.-上海:上海科学技术出版社,1985
    163页:图表;26cm
    
    
    ISBN 15119.2399:CNY1.70
    
●
相关链接 在五车中查询图书 在当当中查询图书 在豆瓣中查询图书


正题名:步进电动机及其应用     索取号:TM32/38         预约/预借

序号 登录号 条形码 馆藏地/架位号 状态 备注
1 2000139747   2000139747   旧书回溯/ [索取号:TM32/38] 在馆    
2 2000139748   2000139748   旧书回溯/ [索取号:TM32/38] 在馆    
山东省滨州职业学院图书馆 欢迎您!
大连网信软件有限公司© 版权所有